| 000 | 01982nam a22002897a 4500 | ||
|---|---|---|---|
| 003 | OSt | ||
| 005 | 20250414105320.0 | ||
| 008 | 220822s2015 ck ||||gr|||| 00| f spa d | ||
| 020 | _a9789585885981 | ||
| 040 |
_aCO-JMCR _cCO-JMCR |
||
| 041 | 1 |
_aspa _heng |
|
| 082 | 0 | 4 |
_aA-N _bDASj |
| 100 | 1 |
_aDashner, James, _eautor _942310 |
|
| 245 | 1 | 3 |
_aEl juego infinito : _brevolución / _cJames Dashner ; traducción de Verónica Canales Medina |
| 250 | _aPrimera edición | ||
| 260 |
_aBogotá : _bMontena, _c2015. |
||
| 300 |
_a363 páginas ; _c22 cm. |
||
| 490 | 0 | _aInfinita plus | |
| 500 | _aTítulo original: The rule of thoughts | ||
| 505 | 0 | _aUn extraño en la casa -- Un vasto y malvado mundo -- Un puñetazo en el estómago -- Un borrón de color -- Desastre en la cocina -- Un destello de luz -- Sumergise en el código -- Los exploradores -- Un decisión fácil -- Un artilugio antiguo -- Visera negra -- Derrumbamiento -- El baile de la alegría -- La puerta horizontal -- Hasta el último rincón -- La escalera infinita -- Sacacorchos -- El código lanza -- A presión -- Colocación y activación -- Criminal -- Dos visitantes -- Epílogo | |
| 520 | 3 | _aJunto con sus amigos, Michael completó el camino para enfrentarse al pelogroso cyberterrorista Kaine y proteger a los usuarios de Red Virtual. Pero, en el último momento, descubrió que habían sido engañados... y que Kaine, una inteligencia artificial, los había utilizado para empezar una guerra contra los humanos. Haine ha hallado la manera de habitar y controlar el cuerpo de las personas en el mundo real. Su plan es poblar la tierra de mentes artificiales abergadas en cuerpos humanos: cualquiera de los millones de jugadores de Red Virtual está en peligro de ser abducido... | |
| 546 | _aTraducido del inglés. | ||
| 650 | 1 | 4 |
_aLiteratura americana _xFicción científica _942315 |
| 650 | 2 | 4 |
_aNovela futurista _942316 |
| 700 | 1 |
_aCanales Medina, Verónica, _etraductora _942311 |
|
| 942 |
_2ddc _cBK |
||
| 999 |
_c29731 _d16115 |
||